[Event "Juniorallsvenskan Div I"]
[Site "Limhamn"]
[Date "2013.12.01"]
[Round "5"]
[White "Hogeman, Joel"]
[Black "Gonzales, Emilio"]
[Result "0-1"]
[WhiteElo "1605"]
[BlackElo "1645"]

1.d4 d5 2.c4 c6 3.Nf3 Nf6 4.Nc3 e6 5.Bg5 Be7 6.e3 O-O 7.Qc2 a6 8.Rd1 b5 9.
c5 Nbd7 10.Bd3 h6 11.Bf4 a5 12.Qe2 Re8 13.h3 Bxc5 14.dxc5 e5 15.Nxe5 Nxe5 
16.O-O Nxd3 17.Qxd3 Ba6 18.Ne2 Ne4 19.Rfe1 g5 20.Bh2 Qf6 21.f3 Nxc5 22.Qc2
Nd7 23.Nd4 c5 24.Nf5 c4 25.Rxd5 Ne5 26.Nxh6+ Qxh6 27.Bxe5 Qe6 28.e4 Bb7 
29.Rxb5 Ba6 30.Rxa5 Qb6+ 31.Qf2 Qxa5 32.Bc3 Qd8 33.Qe2 Qe7 0-1